000 00580cab a2200193 4500
001 ABS37871
008 090401t1987 xxu||||| |||| 00| 0 eng d
035 _a(Sirsi) u7291
041 _aeng
245 _aUnitisation and the yellow book
260 _c1987
350 _a0
490 _aChartered Surveyor Weekly
_v19(12) 18 June 1987, 73-76(2)
520 _aSets out the rules issued by the Stock Exchange for the listing of single property schemes .
650 _aFINANCIAL SERVICES ACT 1986
690 _aPROPERTY-COMMERCIAL PROPERTY
942 _n0
948 _c04/03/1997
999 _c4388
_d4388